000 00316nam a22001337a 4500
008 171127b xxu||||| |||| 00| 0 eng d
020 _a0721677363
041 _aeng
080 _a51
100 _a37
101 _aMAT
245 _aMATHEMATICAL PREPARATION FOR THE HEALTH SCIENCES
_cSAUNDERS,W.B
942 _2udc
_cBK
999 _c38533
_d38533